000 00570nam a2200229Ia 4500
003 OSt
005 20221007115748.0
006 a|||||r|||| 00| 0
007 ta
008 221006b |||||||| |||| 00| 0 eng d
024 _a38,066
037 _cTextual
040 _aLCO
_cLCO
_beng
041 _2eng
_aeng
082 _aY12:45, P0
100 _aRAI Shirin M.
245 0 _aInternatioanl Perspectives on Gender and Democratisation
260 _c2000
300 _a207
942 _hY12:45, P0
_cTEXL
999 _c1207629
_d1207629